| 000 | 01301nam a22003135a 4500 | ||
|---|---|---|---|
| 003 | EG-ScBUE | ||
| 005 | 20220718103718.0 | ||
| 008 | 170523s1984 le f bd 000 0 ara d | ||
| 040 |
_aEG-ScBUE _bara _erda _cEG-ScBUE _dEG-ScBUE |
||
| 082 | 0 | 4 |
_222 _a492.73 _bو هـ ب |
| 100 | 1 |
_aوهبة، مجدي، _d1925- _eمؤلف. |
|
| 245 | 1 | 0 |
_aمعجم المصطلحات العربية في اللغة والأدب / _cمجدي وهبة، كامل المهندس. |
| 246 | 3 | 5 | _aA dictionary of Arabic literary and linguistic terms |
| 250 |
_aالطبعة الثانية، _bمنقحة ومزيدة. |
||
| 264 | 1 |
_aبيروت : _bمكتبة لبنان ناشرون، _c1984. |
|
| 300 |
_a484 صفحة ؛ _c24 سم |
||
| 336 |
_2rdacontent _aنص _btxt |
||
| 337 |
_2rdamedia _aبدون وسيط _bn |
||
| 338 |
_2rdacarrier _aمجلد _bnc |
||
| 504 | _aيشتمل على إرجاعات ببليوجرافية. | ||
| 546 | _aالنص باللغتين العربية والإنجليزية. | ||
| 650 | 7 |
_2BUEsh _aاللغة العربية _vمعجم مصطلحات. |
|
| 650 | 7 |
_2BUEsh _aالأدب العربي _vمعجم مصطلحات. _941806 |
|
| 651 | _2BUEsh | ||
| 653 |
_bGGEN _cMay2017 |
||
| 655 |
_vReading book _934232 |
||
| 700 | 1 |
_aمهندس، كامل، _eمؤلف. _915123 |
|
| 942 | _2ddc | ||
| 999 |
_c24869 _d24841 |
||